|
|
|
|
| LEADER |
00000nab a2200000 a 4500 |
| 001 |
vtls009324093 |
| 003 |
SK-MaSNL |
| 005 |
20260426055506.0 |
| 008 |
140302c1976 xo |r|p|||||||000 b|slo |
| 015 |
|
|
|a SNBRB1976
|
| 038 |
|
|
|a SNKBUCL
|
| 040 |
|
|
|a SNKBUCL
|b slo
|c SNKBUCL
|e AACR2
|
| 041 |
|
|
|a slo
|
| 044 |
|
|
|a xo
|c SK
|
| 080 |
|
|
|a 82:061.7
|2 1997
|
| 245 |
0 |
0 |
|a Vesna slov
|b 10. Slovesná jar v Martine
|c [autor] B-k
|
| 611 |
2 |
7 |
|a Slovesná jar
|n (10. :
|d 1976 :
|c Martin, Slovensko)
|2 snkbucl
|9 1236032
|
| 651 |
|
7 |
|a Martin (Slovensko)
|2 snkbucl
|9 16875
|
| 773 |
0 |
|
|t Učiteľské noviny
|g Roč. 26, č. 20 (1976), s. 12
|
| 852 |
|
|
|a SNK
|b KIS3GCP
|
| 958 |
|
|
|a SK
|
| 999 |
|
|
|c 2185821
|d 2187751
|